| 000 | 00402nam a22001337a 4500 | ||
|---|---|---|---|
| 020 | _a0079097022 | ||
| 040 | _cNust | ||
| 082 |
_a621.815 _bNOR |
||
| 100 |
_aHarry norton, Sr _9127383 |
||
| 245 |
_aDesign of machinery _bAn introduction to the synthesis and analysis of mechanism and machines |
||
| 260 |
_aNew York: _bMcGraw HIll, _c1992. |
||
| 650 |
_aDesign of machinery _9125384 |
||
| 942 |
_2ddc _cBK |
||
| 999 |
_c612520 _d612520 |
||